<?xml version="1.0" encoding="UTF-8"?>
<record
    xmlns:xsi="http://www.w3.org/2001/XMLSchema-instance"
    xsi:schemaLocation="http://www.loc.gov/MARC21/slim http://www.loc.gov/standards/marcxml/schema/MARC21slim.xsd"
    xmlns="http://www.loc.gov/MARC21/slim">

  <leader>00695nam a22002057a 4500</leader>
  <controlfield tag="005">20160609165945.0</controlfield>
  <controlfield tag="008">101026t        xxu||||| |||| 00| 0 eng d</controlfield>
  <datafield tag="040" ind1=" " ind2=" ">
    <subfield code="a">BUAC</subfield>
    <subfield code="b">Fr.</subfield>
    <subfield code="c">BUC</subfield>
  </datafield>
  <datafield tag="041" ind1=" " ind2=" ">
    <subfield code="a">Fr.</subfield>
  </datafield>
  <datafield tag="100" ind1=" " ind2=" ">
    <subfield code="a">Ayeni, Ludovic Etienne</subfield>
    <subfield code="9">10257</subfield>
  </datafield>
  <datafield tag="245" ind1=" " ind2=" ">
    <subfield code="a">La Strat&#xE9;gie industrielle b&#xE9;ninoise face &#xE0; l'emploi</subfield>
    <subfield code="c">Pr&#xE9;sent&#xE9; par Ayeni Ludovic Etienne et Yayi Serge Modeste</subfield>
  </datafield>
  <datafield tag="260" ind1=" " ind2=" ">
    <subfield code="a">Abomey-Calavi</subfield>
    <subfield code="b">UNB</subfield>
    <subfield code="c">1988</subfield>
  </datafield>
  <datafield tag="300" ind1=" " ind2=" ">
    <subfield code="a">74-8p</subfield>
    <subfield code="e">30 cm</subfield>
  </datafield>
  <datafield tag="504" ind1=" " ind2=" ">
    <subfield code="a">Comprend bibliogr. </subfield>
  </datafield>
  <datafield tag="630" ind1=" " ind2=" ">
    <subfield code="a">SCIENCES ECONOMIQUES</subfield>
    <subfield code="9">10259</subfield>
  </datafield>
  <datafield tag="650" ind1=" " ind2=" ">
    <subfield code="a">Entreprise : gestion : B&#xE9;nin</subfield>
    <subfield code="9">10260</subfield>
  </datafield>
  <datafield tag="700" ind1=" " ind2=" ">
    <subfield code="a">Koty Lambert</subfield>
    <subfield code="c">Maitre m&#xE9;moire</subfield>
    <subfield code="9">10262</subfield>
  </datafield>
  <datafield tag="700" ind1=" " ind2=" ">
    <subfield code="a">Yayi Serge Modeste</subfield>
    <subfield code="c">Collab.</subfield>
    <subfield code="9">10262</subfield>
  </datafield>
  <datafield tag="942" ind1=" " ind2=" ">
    <subfield code="c">THE</subfield>
  </datafield>
  <datafield tag="999" ind1=" " ind2=" ">
    <subfield code="c">48048</subfield>
    <subfield code="d">48048</subfield>
  </datafield>
  <datafield tag="952" ind1=" " ind2=" ">
    <subfield code="0">0</subfield>
    <subfield code="1">0</subfield>
    <subfield code="4">0</subfield>
    <subfield code="7">0</subfield>
    <subfield code="a">BUAC</subfield>
    <subfield code="b">BUAC</subfield>
    <subfield code="d">0000-00-00</subfield>
    <subfield code="e">D&#xE9;pot</subfield>
    <subfield code="l">0</subfield>
    <subfield code="o">1782 MDE</subfield>
    <subfield code="p">1782buc</subfield>
    <subfield code="r">2010-10-26 00:00:00</subfield>
    <subfield code="t">1</subfield>
    <subfield code="w">2010-10-26</subfield>
    <subfield code="y">THE</subfield>
  </datafield>
</record>
